000 00992cam a22003257a 4500
003 CHAP
005 20220817043136.0
008 971013s1980 r 00010 d
010 _a66708
011 _a67680
035 _a77151
040 _cCHAP
082 _a634.63
_bF3
110 _aFAO
245 1 0 _aChina development of olive production
260 _aRome :
_bFAO,
_c1980
300 _a153 p
490 0 _aFAO. Producción y protección vegetal
_v; 23
590 _aBATCH-UPD
_b10
_c20130109
_lUCH01
_h2347
590 _aBATCH-UPD
_b10
_c20130110
_lUCH01
_h2044
590 _aBATCH-UPD
_b10
_c20130410
_lUCH01
_h1358
590 _aBATCH-UPD
_b10
_c20130914
_lUCH01
_h1428
590 _aCONVERSION
_b10
_c20130109
_lUCH01
_h1337
650 1 4 _aHorticultura
_xChina.
_956315
650 1 4 _aOlivo.
_983127
830 0 _aFAO. Producción y protección vegetal
_v; 23
_939654
901 _aBK
942 _cLIBRO
949 _a634.63 F3
_bBC
_cFAO
_d-30014
_eFAO1
_gI.139737
_h72278
_i77151
_si
_t10.40
999 _c66708
_d66708